| 000 | 01149nam a22002777a 4500 | ||
|---|---|---|---|
| 003 | dpl | ||
| 005 | 20180711134304.0 | ||
| 008 | 180711b xxu||||| |||| 00| 0 eng d | ||
| 010 | _aB-004970 | ||
| 020 |
_c60.00 _a8187354046 |
||
| 035 | _aB-004970, B-004995 | ||
| 037 | _bCen Lib/Ret | ||
| 040 |
_aDPL _bHN _c0 |
||
| 082 |
_aक _bशर्माब |
||
| 100 |
_aशर्मा, बन्सी राम _97767 |
||
| 245 |
_aखेल ही खेल में / _cबन्सी राम शर्मा |
||
| 246 |
_aKhel hi khel me / _bby Bansi Ram Sharma |
||
| 260 |
_c2000 _aदिल्ली _bकादम्बरी प्रकाशन |
||
| 270 |
_a5451, शिव मार्किट, न्यू चन्द्रावल, जवाहर नगर _bदिल्ली _e110007 |
||
| 300 |
_a64पृ. _c20सेमी (सजिल्द) |
||
| 650 |
_aहिन्दी -- साहित्य _962399 |
||
| 650 |
_aहिन्दी -- कहानियां _962400 |
||
| 650 |
_aHindi -- Literature _962401 |
||
| 650 |
_aHindi -- Stories _962402 |
||
| 942 |
_2ddc _cHN _hक _mशर्माब |
||
| 999 |
_c115632 _d115632 |
||